| 000 | 01211nam0a22002411 4500 | ||
|---|---|---|---|
| 001 | rc\3746679 | ||
| 005 | 20260408002946.0 | ||
| 021 |
_aRU _bРг2500-74 |
||
| 035 | _a(NLR Aleph) 007787891 | ||
| 090 |
_a7636139 _c7636139 |
||
| 100 | _a20130115d1974 |||y0rusy50 ca | ||
| 101 | 0 | _arus | |
| 102 | _aRU | ||
| 105 | _ay z ||||| | ||
| 200 | 1 |
_aСборник ведомственных районных единичных расценок на ремонтно-строительные работы по Ростовской области _eВ ценах и нормах, действующих с 1 янв. 1969 г. _eУтв. 21/IX 1973 г. _fМЖКХ РСФСР. Исполком Рост. обл. Совета депутатов трудящихся. Обл. проектная контора облжилуправления |
|
| 210 |
_aРостов-на-Дону _cБ. и. _d[1974] |
||
| 215 |
_a470 с. _d30 |
||
| 712 | 0 | 2 |
_aРостовский областной совет депутатов трудящихся _bИсполнительный комитет _9830732 _3RU\NLR\AUTH\8810167451 |
| 801 | 0 |
_aRU _bNLR _gpsbo |
|
| 801 | 1 |
_aRU _bELAR _2rusmarc |
|
| 852 |
_aNLR _bСВТЛ |
||
| 942 | _cBOOK | ||
| 980 | _aNB | ||